Hukum jual gadai dalam persepektif al-madzahib al-arba'ah /
Saved in:
| Main Author: | |
|---|---|
| Format: | Thesis |
| Language: | Indonesian |
| Published: |
Jakarta :
Universitas Islam Negeri Syarif Hidayatullah,
2006
|
| Subjects: | |
| Tags: |
Add Tag
No Tags, Be the first to tag this record!
|
| LEADER | 011570000a22002410004500 | ||
|---|---|---|---|
| 008 | 141212s2006 io f 000 0 ind d | ||
| 040 | |a UIAM |b eng | ||
| 041 | |a ind | ||
| 050 | 0 | |a BP158.6.N7 | |
| 100 | 1 | |a Kuas, Zuhalein | |
| 245 | 1 | 0 | |a Hukum jual gadai dalam persepektif al-madzahib al-arba'ah / |c oleh Zuhalein Kuas |
| 260 | |a Jakarta : |b Universitas Islam Negeri Syarif Hidayatullah, |c 2006 | ||
| 300 | |a [375] leaves ; |c 30 cm. | ||
| 500 | |a "Tesis diajukan untuk memenuhi salah satu syarat memperoleh gelar magister agama Islam pada Sekolah Pascasarjana UIN syarif Hidayatullah, Jakarta" --On t.p. | ||
| 502 | |a Thesis (M.A.)--Universitas Islam Negeri Syarif Hidayatullah, 2006. | ||
| 504 | |a Includes bibliographical references (leaves 370-374). | ||
| 596 | |a 1 | ||
| 650 | 0 | |a Mortgages (Islamic law) | |
| 655 | |a Theses, Facsimile edition (Islamic) | ||
| 710 | 2 | |a Universitas Islam Negeri Syarif Hidayatullah Jakarta. |b Program Pascasarjana | |
| 900 | |a nan-arf-nbm-sar | ||
| 999 | |c 432777 |d 466890 | ||
| 952 | |0 0 |6 TI BP 000158.6 N7 K95H 2006 |7 0 |8 THESES |9 757574 |a IIUM |b IIUM |c MULTIMEDIA |g 275.00 |o ti BP 158.6 N7 K95H 2006 |p 00011269022 |r 2017-10-23 |t 1 |v 275.00 |y THESIS | ||
